|
|
|
|
| LEADER |
00000cam a2200000 7i4500 |
| 001 |
0000019657 |
| 005 |
20110413.0 |
| 008 |
080618 |
| 020 |
|
|
|a 9833390153
|
| 090 |
0 |
0 |
|a 371.58
|b IRF
|
| 100 |
1 |
|
|a Irfan Hakimi b.Sahazwan
|
| 245 |
1 |
0 |
|a Gejala ponteng & melawan ibu bapa dan guru
|c Irfan Hakimi b.Sahazwan
|
| 246 |
1 |
|
|a Gejala ponteng dan melawan ibu bapa dan guru
|
| 260 |
|
|
|a Petaling Jaya :
|b Edu Quest Publisher ,
|c 2006
|
| 440 |
|
|
|a Koleksi bacaan sosial
|
| 650 |
|
0 |
|a School attendance
|x Juvenile literature
|
| 650 |
|
0 |
|a School discipline
|x Juvenile literature
|
| 650 |
|
0 |
|a Social problems
|x Juvenile literature
|
| 999 |
|
|
|a 0001024819
|b Book
|c Adult Collection
|e Cawangan Muar
|
| 999 |
|
|
|a 0001024820
|b Book
|c Adult Collection
|e Cawangan Muar
|
| 999 |
|
|
|a 0001024823
|b Book
|c Adult Collection
|e Cawangan Muar
|
| 999 |
|
|
|a 0001150386
|b Book
|c Children Collection
|e Cawangan Bukit Gambir
|
| 999 |
|
|
|a 0001150387
|b Book
|c Adult Collection
|e Cawangan Bandar Penawar
|